000 00458nam a2200157 i 4500
001 74326
003 ES-MaACL
005 20230906172105.0
007 t|
008 040917s1954 sp ||||1| spa d
100 1 _aGonzález Garcés, Miguel.
_958644
245 1 0 _aPoema del imposible sosiego /
_cMiguel González Garcés.
260 _a[S.l. :
_bs.n.,
_c1954] (
_eLa Coruña :
_fMoret)
300 _a37 p. ;
_c19 cm.
852 _aES-MaACL
_j1958-F-7
_bR.35895
999 _c74326
_d74326